<?xml version="1.0" encoding="UTF-8"?><?xml-stylesheet type="text/xsl" href="static/style.xsl"?><OAI-PMH xmlns="http://www.openarchives.org/OAI/2.0/" xmlns:xsi="http://www.w3.org/2001/XMLSchema-instance" xsi:schemaLocation="http://www.openarchives.org/OAI/2.0/ http://www.openarchives.org/OAI/2.0/OAI-PMH.xsd"><responseDate>2026-04-17T03:10:01Z</responseDate><request verb="GetRecord" identifier="oai:www.recercat.cat:2117/171878" metadataPrefix="marc">https://recercat.cat/oai/request</request><GetRecord><record><header><identifier>oai:recercat.cat:2117/171878</identifier><datestamp>2025-07-23T04:19:04Z</datestamp><setSpec>com_2072_1033</setSpec><setSpec>col_2072_452951</setSpec></header><metadata><record xmlns="http://www.loc.gov/MARC21/slim" xmlns:dcterms="http://purl.org/dc/terms/" xmlns:xsi="http://www.w3.org/2001/XMLSchema-instance" xmlns:doc="http://www.lyncode.com/xoai" xsi:schemaLocation="http://www.loc.gov/MARC21/slim http://www.loc.gov/standards/marcxml/schema/MARC21slim.xsd">
   <leader>00925njm 22002777a 4500</leader>
   <datafield ind2=" " ind1=" " tag="042">
      <subfield code="a">dc</subfield>
   </datafield>
   <datafield ind2=" " ind1=" " tag="720">
      <subfield code="a">Santos Aliaga, Javier</subfield>
      <subfield code="e">author</subfield>
   </datafield>
   <datafield ind2=" " ind1=" " tag="720">
      <subfield code="a">Fernández Martínez, Diego</subfield>
      <subfield code="e">author</subfield>
   </datafield>
   <datafield ind2=" " ind1=" " tag="260">
      <subfield code="c">2018-06-28</subfield>
   </datafield>
   <datafield ind2=" " ind1=" " tag="520">
      <subfield code="a">El desarrollo del siguiente proyecto consiste en la implementación de un Sistema de Control&#xd;
Domótico en la gestión de la eficiencia energética de una vivienda. Se ha de puntualizar que el ahorro&#xd;
energético, estará generado siempre por el propio usuario, es decir, el usuario de la vivienda tendrá&#xd;
en todo momento la potestad de realizar el consumo de energía que él crea necesario. Por este&#xd;
motivo, la función del sistema domótico diseñado no será impedir que se realice uso de la energía,&#xd;
sino que su función será evitar que cualquier acción requerida no consuma más energía de la que&#xd;
necesita.&#xd;
Para poder conseguir el grado máximo de eficiencia energética, se ha desarrollado un menú&#xd;
interactivo con el usuario. Este permitirá mediante una configuración previa, que el comportamiento&#xd;
del sistema domótico pueda adaptarse a las condiciones del momento en que se encuentre la&#xd;
vivienda. Esta configuración tendrá tres bloques diferenciados. Se definirá Hogar Activo cuando el&#xd;
hogar esté ocupado por los usuarios. En caso de que la vivienda se encuentre desocupada, se&#xd;
configurará como Hogar Inactivo. Por último, cuando los usuarios permanezcan un tiempo largo sin&#xd;
utilizar la vivienda, como puede ser el caso en el que se encuentren de vacaciones, la configuración&#xd;
de la vivienda se definirá como Hogar Hibernación. Realizando esta diferencia en la configuración del&#xd;
hogar, se podrá realizar un diseño más preciso en la demanda necesaria de energía en cada&#xd;
momento, consiguiendo de esta forma, la mayor optimización del consumo.&#xd;
A parte de estos tres modos, se ha desarrollado un Modo Manual donde el usuario tendrá acceso al&#xd;
control y gestión de todo el sistema domótico que él decida hacer.&#xd;
Una vez definido el objetivo principal del proyecto se ha de tener en cuenta que, para poder acceder&#xd;
a todos los usuarios que deseen realizar un ahorro energético mediante la instalación de este sistema&#xd;
de control domótico, se deberán desarrollar diferentes bloques de proyectos diferenciado en tres&#xd;
kits. Estos kits serán más o menos económicos dependiendo de la equipación. El kit básico se&#xd;
denominará Estandar, seguido del Elegance y Premium que será el kit completo del diseño.</subfield>
   </datafield>
   <datafield tag="653" ind2=" " ind1=" ">
      <subfield code="a">Àrees temàtiques de la UPC::Energies</subfield>
   </datafield>
   <datafield tag="653" ind2=" " ind1=" ">
      <subfield code="a">Energy consumption</subfield>
   </datafield>
   <datafield tag="653" ind2=" " ind1=" ">
      <subfield code="a">Home automation</subfield>
   </datafield>
   <datafield tag="653" ind2=" " ind1=" ">
      <subfield code="a">Dwellings -- Energy conservation</subfield>
   </datafield>
   <datafield tag="653" ind2=" " ind1=" ">
      <subfield code="a">Energia -- Consum</subfield>
   </datafield>
   <datafield tag="653" ind2=" " ind1=" ">
      <subfield code="a">Domòtica</subfield>
   </datafield>
   <datafield tag="653" ind2=" " ind1=" ">
      <subfield code="a">Habitatges -- Estalvi d'energia</subfield>
   </datafield>
   <datafield ind2="0" ind1="0" tag="245">
      <subfield code="a">Sistema de gestión domótica para optimizar el consumo energético de una vivienda</subfield>
   </datafield>
</record></metadata></record></GetRecord></OAI-PMH>